[Event "Mittelrhein Verbandsliga-M 16/17"]
[Site "Nordrheinwestfalen"]
[Date "2017.04.30"]
[Round "11.3"]
[White "Sewald, Kathrin"]
[Black "Hendrix, Joachim"]
[Result "0-1"]
[WhiteElo "1905"]
[BlackElo "1976"]
[PlyCount "120"]
[EventDate "2016.09.11"]
[EventType "team-tourn"]
[EventRounds "11"]
[EventCountry "GER"]
[SourceTitle "EXT 2022"]
[Source "ChessBase"]
[SourceDate "2021.10.06"]
[SourceVersion "1"]
[SourceVersionDate "2021.10.06"]
[SourceQuality "1"]
[WhiteTeam "Porz SG V"]
[BlackTeam "Gruenfeld"]
[WhiteTeamCountry "GER"]
[BlackTeamCountry "GER"]

1. e4 g6 2. d4 Bg7 3. c3 d6 4. f4 Nf6 5. Bd3 0-0 6. Nf3 c5 7. 0-0 cxd4 8. cxd4 Nc6 9. Nc3 Bg4 10. Be2 d5 11. e5 Ne4 12. h3 Bxf3 13. Rxf3 e6 14. Be3 f6 15. g4 fxe5 16. fxe5 Qh4 17. Nxe4 dxe4 18. Bf2 Qh6 19. Rb3 Rad8 20. Bc4 Nxe5 21. Bxe6+ Kh8 22. Qe2 Rxf2 23. Kxf2 Nd3+ 24. Rxd3 exd3 25. Qxd3 Qf4+ 26. Kg2 Be5 27. d5 Rf8 28. Bf5 Qh2+ 29. Kf3 Qf4+ 30. Ke2 Qh2+ 31. Ke3 gxf5 32. Rf1 Qxh3+ 33. Rf3 Qxg4 34. d6 Qg5+ 35. Ke2 Qf6 36. d7 Bc7 37. Re3 Qa6 38. Re8 Qxd3+ 39. Kxd3 Kg7 40. Rc8 Bb6 41. Re8 Kf7 42. Re5 Rd8 43. Rxf5+ Ke6 44. Rh5 Rxd7+ 45. Kc4 Rc7+ 46. Kd3 Kf6 47. a4 Kg6 48. Rd5 Rc8 49. Re5 Rc5 50. Re7 Rc7 51. Re5 Rd7+ 52. Kc4 Rf7 53. b4 Rf4+ 54. Kb3 h5 55. a5 Bd4 56. Rd5 Bg7 57. Rd7 Rf7 58. Rd3 h4 59. Kc4 Kg5 60. b5 Rf4+ 0-1

[Event "BL2 West 1617 (Women)"]
[Site "Germany"]
[Date "2017.02.12"]
[Round "5.1"]
[White "Sewald, Kathrin"]
[Black "Kickert, Germaine Helene"]
[Result "1/2-1/2"]
[WhiteElo "1858"]
[BlackElo "2005"]
[PlyCount "81"]
[EventDate "2016.10.22"]
[EventType "team-tourn"]
[EventRounds "7"]
[EventCountry "GER"]
[SourceTitle "EXT 2018"]
[Source "ChessBase"]
[SourceDate "2017.10.13"]
[SourceVersion "1"]
[SourceVersionDate "2017.10.13"]
[SourceQuality "1"]
[WhiteTeam "Muenster (W)"]
[BlackTeam "Delmenhorst (W)"]
[WhiteTeamCountry "GER"]
[BlackTeamCountry "GER"]

1. e4 e6 2. f4 d5 3. e5 c5 4. Nf3 Nc6 5. c3 Nh6 6. Na3 Qb6 7. d3 Bd7 8. Nc2 Rc8 9. g3 f6 10. Bh3 Nf7 11. exf6 gxf6 12. 0-0 Bg7 13. Ne3 Ne7 14. Nh4 0-0 15. Ng4 Qd6 16. Ne3 b5 17. Qe2 Nc6 18. Bd2 Rcd8 19. Rae1 Rfe8 20. Qh5 d4 21. Ng4 f5 22. Nf2 dxc3 23. Bxc3 Nd4 24. g4 Qxf4 25. Ne4 Qh6 26. Qxh6 Nxh6 27. gxf5 exf5 28. Nxc5 Ne2+ 29. Kf2 Nxc3 30. Nxd7 Rxe1 31. Rxe1 Rxd7 32. bxc3 Rxd3 33. Re3 Rd2+ 34. Re2 Rd5 35. Re3 Ng4+ 36. Bxg4 fxg4 37. Kg3 Be5+ 38. Kxg4 Bxh2 39. Nf5 Rd7 40. Kh3 Bc7 41. Nd4 1/2-1/2

[Event "GER-chT U20"]
[Site "Borken"]
[Date "2016.12.29"]
[Round "6.6"]
[White "Sewald, Kathrin"]
[Black "Mieck, Jale"]
[Result "0-1"]
[WhiteElo "1832"]
[BlackElo "1944"]
[PlyCount "77"]
[EventDate "2016.12.27"]
[EventType "team-swiss"]
[EventRounds "7"]
[EventCountry "GER"]
[SourceTitle "EXT 2018"]
[Source "ChessBase"]
[SourceDate "2017.10.13"]
[SourceVersion "1"]
[SourceVersionDate "2017.10.13"]
[SourceQuality "1"]
[WhiteTeam "Porz SG"]
[BlackTeam "Kiel Doppelbauer"]
[WhiteTeamCountry "GER"]
[BlackTeamCountry "GER"]

1. e4 c5 2. d3 e6 3. g3 a6 4. Bg2 b5 5. f4 Bb7 6. Nf3 d5 7. e5 h5 8. 0-0 Nh6 9. h3 Nf5 10. Kh2 Nc6 11. Nc3 Be7 12. Ne2 d4 13. a3 Qd7 14. Kg1 f6 15. g4 hxg4 16. hxg4 Nh4 17. Nxh4 Rxh4 18. exf6 gxf6 19. Ng3 0-0-0 20. f5 Rg8 21. fxe6 Qxe6 22. Be4 Rhxg4 23. Bf5 Rxg3+ 24. Kh2 Rg2+ 25. Kh3 R8g3+ 26. Kh4 Qxf5 27. Rxf5 Ne5 28. Qh1 Rg8 29. Kh5 Rh8+ 30. Bh6 Nf7 31. Qxg2 Rxh6+ 32. Kg4 Bxg2 33. Kg3 Bc6 34. Rg1 Kd7 35. Kf2 Ke6 36. Rf4 Rh2+ 37. Ke1 Rxc2 38. Kd1 Rxb2 39. Ke1 0-1